| 000 -LEADER |
| fixed length control field |
00365 a2200145 4500 |
| 003 - CONTROL NUMBER IDENTIFIER |
| control field |
OSt |
| 005 - DATE AND TIME OF LATEST TRANSACTION |
| control field |
20240111173713.0 |
| 008 - FIXED-LENGTH DATA ELEMENTS--GENERAL INFORMATION |
| fixed length control field |
240111b ||||| |||| 00| 0 eng d |
| 020 ## - INTERNATIONAL STANDARD BOOK NUMBER |
| International Standard Book Number |
9781846812415 |
| 082 ## - DEWEY DECIMAL CLASSIFICATION NUMBER |
| Classification number |
930 |
| 100 ## - MAIN ENTRY--PERSONAL NAME |
| Personal name |
John Haywood |
| 245 ## - TITLE STATEMENT |
| Title |
The Illustrated Children'S Encyclopedia Of The Ancient World |
| 260 ## - PUBLICATION, DISTRIBUTION, ETC. (IMPRINT) |
| Name of publisher, distributor, etc |
Hermes House |
| Date of publication, distribution, etc |
2007 |
| 942 ## - ADDED ENTRY ELEMENTS (KOHA) |
| Source of classification or shelving scheme |
|